| 000 | 00783cam a2200217 a 4500 | ||
|---|---|---|---|
| 001 | 000006291 | ||
| 005 | 20260429135247.0 | ||
| 008 | 911121s1990 cu b 000 0 spa | ||
| 040 |
_aDO-SdBNP _cDLC |
||
| 082 |
_a860.97291 _bA473c |
||
| 100 | 1 |
_aÁlvarez Álvarez, Luis, _d1950-. _917571 |
|
| 245 | 1 | 0 |
_aConversar con el otro / _cLuis Álvarez. |
| 260 |
_aLa Habana, Cuba : _bUnión de Escritores y Artistas de Cuba, _c1990. |
||
| 300 |
_a215 p. ; _c23 cm. |
||
| 504 | _aIncluye referencias bibliográficas. | ||
| 650 | 4 |
_aLiteratura cubana _xHistoria y crítica _95687 |
|
| 650 | 0 |
_aLiteratura _xHistoria y crítica _9835 |
|
| 650 | 4 |
_aLiteratura latinoamericana _xEnsayos, conferencias, etc _914118 |
|
| 700 | 1 |
_aRodríguez Feo, José _916879 |
|
| 910 | _aCatalogación por copia / LC | ||
| 999 |
_c6086 _d6086 |
||